Koncové spínače.

Uložené v:
Podrobná bibliografia
Médium: Firemný prospekt
Jazyk:Slovak
Czech
Vydané: [2008].
Vydanie:1. vyd.
Témy:
Fyzický popis: 44 s.
Tagy: Pridať tag
Žiadne tagy, Buďte prvý kto otaguje tento záznam!

MARC

LEADER 00000nam#a22000003a#4500
001 000338708
003 SVKKK
005 20080916102739.0
008 080912s2008 xo |||| 0 slo#d
040 |a SVK  |b slo  |c SVK  |e AACR2 
041 0 # |a cze 
044 |a xr  |c CZ 
080 |a 621.316.542  |2 2001 
110 2 |a MEZ Postřelmov  |c 789 69 Postřelmov, ČR  |4 mfr 
245 1 0 |a Koncové spínače. 
250 |a 1. vyd. 
260 # |c [2008]. 
300 |a 44 s. 
655 7 |a firemné prospekty  |2 SNKPH 
910 |a svkkk 
998 |a FL 
090 |g SCKHL  |k Sklad Pribinova suterén  |a 621.316.542  |j 217394  |i B135258  |s Firemná-2týždne